| 000 | 01619aam a2200349 i 4500 | ||
|---|---|---|---|
| 001 | 768714001 | ||
| 003 | CO-MdFUSB | ||
| 005 | 20211216171113.0 | ||
| 007 | ta | ||
| 008 | 211216t1967 ag |||| |||| 00| 0 spa d | ||
| 020 | _a[No incluye ISBN] | ||
| 040 |
_bspa. _aCO-MdFUSB _cCO-MdFUSB _dCO-MdFUSBC _erda |
||
| 041 | _aspa | ||
| 082 | 0 | 4 |
_a270 _223 _bL359i |
| 100 | 1 |
_aLatourette, Kenneth Scott (1884-1968) _eautor |
|
| 245 | 1 | 0 |
_aHistoria del cristianismo _c/ Kenneth Scott Latourette ; traducido por Jaime C. Quarles y Lemuel C. Quarles |
| 250 | _asegunda edición | ||
| 264 | 1 |
_aBuenos Aires, Argentina : _bCasa Bautista de Publicaciones, _c[1967] |
|
| 264 | 4 | _c© 1967 | |
| 300 |
_a819 páginas _c; 22 cm |
||
| 336 |
_atexto _btxt _2rdacontent |
||
| 337 |
_2rdamedia _asin mediación _bn |
||
| 338 |
_2rdacarrier _avolumen _bnc |
||
| 505 |
_tTomo I: _aEl curso de la humanidad antes de Cristo. -- Los primeros quinientos años: el cristianismo conquista el imperio romano y se desarrolla formalmente. Las horas más oscuras: el gran retroceso. 500 a 950 d. de J.C. -- Perdida en extensión geográfica y lasitud interna, confusión y corrupción, en parte contrarrestadas por la vida vigorosa, 1350 a 1500 d. de J.C. |
||
| 505 |
_tTomo II: _aLa Reforma y la expansión, 1500 a 1750 d. de J.C. -- Repudio y avivamiento, 1750 a 1815 d. de J.C. -- Vigor en medio de la tormenta: principiando en 1914. |
||
| 563 | _aTapa dura | ||
| 650 | 0 |
_9153 _aHistoria de la Iglesia |
|
| 700 |
_96002 _aQuarles, Jaime C. _etraductor |
||
| 700 |
_96003 _aQuarles, Lemuel C. _etraductor |
||
| 942 | _cBK | ||
| 945 | _aJTF-925 | ||
| 999 |
_c38468 _d38468 |
||